[Event "Staufer op-B 28th"]
[Site "Schwaebisch Gmuend"]
[Date "2016.01.06"]
[Round "9"]
[White "Friesz, Norbert"]
[Black "Wezel, Sebastian"]
[Result "0-1"]
[WhiteElo "1643"]
[BlackElo "1840"]
[PlyCount "90"]
[EventDate "2016.01.02"]
[EventType "swiss"]
[EventRounds "9"]
[EventCountry "GER"]
[SourceTitle "CBM 170 Extra"]
[Source "ChessBase"]
[SourceDate "2016.02.25"]
[SourceVersion "1"]
[SourceVersionDate "2016.02.25"]
[SourceQuality "1"]

1. e4 c5 2. Nf3 Nc6 3. g3 g6 4. Bg2 Bg7 5. 0-0 d6 6. c3 e5 7. d3 Nge7 8. Nbd2 0-0 9. Re1 h6 10. Nf1 Be6 11. Ne3 Qd7 12. Nh4 d5 13. Qa4 Rac8 14. exd5 Nxd5 15. Nxd5 Bxd5 16. Bxd5 Qxd5 17. Qe4 Rcd8 18. Be3 b6 19. Rad1 Rfe8 20. Qa4 Re6 21. a3 Red6 22. Rd2 Qe6 23. Red1 g5 24. Ng2 f5 25. f4 exf4 26. gxf4 g4 27. Qc4 Qxc4 28. dxc4 Rxd2 29. Rxd2 Rxd2 30. Bxd2 Kf7 31. Ne3 Ke6 32. Kg2 h5 33. h3 Na5 34. hxg4 hxg4 35. b4 Nb3 36. Be1 Nc1 37. Nd5 Nd3 38. Bd2 Nb2 39. bxc5 Nxc4 40. cxb6 axb6 41. Nc7+ Kd7 42. Nd5 Nxd2 43. Nxb6+ Kc6 44. Nc8 Bf8 45. Na7+ Kb6 0-1